Countries Who Have Grand Tour Winners - Statistics

General Stats
  • This quiz has been taken 134 times
    68 since last reset
  • The average score is 17 of 20
Answer Stats
Giro Tour Vuelta # Country % Correct
6 36 9 51 France
100%
69 10 6 85 Italy
100%
4 12 32 48 Spain
98%
7 18 8 33 Belgium
97%
2 6 3 11 United Kingdom
97%
1 3 2 5 United States
97%
1 2 2 5 Netherlands
92%
3 2 5 10 Switzerland
89%
0 3 0 3 Denmark
88%
1 1 0 2 Australia
85%
3 0 1 4 Russia
85%
1 0 0 1 Canada
83%
1 1 1 3 Ireland
82%
2 2 3 7 Slovenia
82%
0 1 3 4 Germany
80%
1 0 0 1 Sweden
76%
2 5 0 7 Luxembourg
74%
1 0 2 3 Colombia
68%
1 0 0 1 Ecuador
52%
0 0 1 1 Kazakhstan
38%
No matching quizzes found
Score Distribution
Percent of People with Each Score
Percentile by Number Answered
Your Score History
You have not taken this quiz since the last reset